<?xml version="1.0" encoding="UTF-8"?>
<record
    xmlns:xsi="http://www.w3.org/2001/XMLSchema-instance"
    xsi:schemaLocation="http://www.loc.gov/MARC21/slim http://www.loc.gov/standards/marcxml/schema/MARC21slim.xsd"
    xmlns="http://www.loc.gov/MARC21/slim">

  <leader>00816nam a22002177a 4500</leader>
  <controlfield tag="003">UA-OsUOA</controlfield>
  <controlfield tag="001"> 136055 </controlfield>
  <controlfield tag="007">ta</controlfield>
  <controlfield tag="008">20190304b un ||||| |||| 00| 0 ukr d</controlfield>
  <datafield tag="100" ind1=" " ind2=" ">
    <subfield code="a">&#x421;&#x440;&#x456;&#x431;&#x43D;&#x44F;&#x43A; &#x406;. &#x412;.</subfield>
  </datafield>
  <datafield tag="090" ind1=" " ind2=" ">
    <subfield code="a">93</subfield>
    <subfield code="b">&#x421;75</subfield>
  </datafield>
  <datafield tag="942" ind1=" " ind2=" ">
    <subfield code="c">SA</subfield>
  </datafield>
  <datafield tag="040" ind1=" " ind2=" ">
    <subfield code="a">UA-OsUOA</subfield>
    <subfield code="b">ukr</subfield>
    <subfield code="c">UA-OsUOA</subfield>
    <subfield code="d">UA-OsUOA</subfield>
  </datafield>
  <datafield tag="245" ind1=" " ind2=" ">
    <subfield code="a">&#x413;&#x440;&#x43E;&#x43C;&#x430;&#x434;&#x430; &#x43F;&#x43E;&#x43B;&#x43E;&#x43D;&#x435;&#x43D;&#x438;&#x445; &#x443;&#x43A;&#x440;&#x430;&#x457;&#x43D;&#x446;&#x456;&#x432; "&#x421;&#x430;&#x43C;&#x43E;&#x441;&#x442;&#x456;&#x439;&#x43D;&#x430; &#x423;&#x43A;&#x440;&#x430;&#x457;&#x43D;&#x430;" &#x43D;&#x430; &#x437;&#x430;&#x432;&#x435;&#x440;&#x448;&#x430;&#x43B;&#x44C;&#x43D;&#x43E;&#x43C;&#x443; &#x435;&#x442;&#x430;&#x43F;&#x456; &#x456;&#x441;&#x43D;&#x443;&#x432;&#x430;&#x43D;&#x43D;&#x44F; &#x442;&#x430;&#x431;&#x43E;&#x440;&#x443; &#x420;&#x430;&#x448;&#x442;&#x430;&#x442;, &#x41D;&#x456;&#x43C;&#x435;&#x447;&#x447;&#x438;&#x43D;&#x430; (&#x442;&#x440;&#x430;&#x432;&#x435;&#x43D;&#x44C;-&#x43B;&#x438;&#x441;&#x442;&#x43E;&#x43F;&#x430;&#x434; 1918 &#x440;.(</subfield>
  </datafield>
  <datafield tag="300" ind1=" " ind2=" ">
    <subfield code="a">&#x421;.161-172</subfield>
  </datafield>
  <datafield tag="955" ind1=" " ind2=" ">
    <subfield code="a">0</subfield>
  </datafield>
  <datafield tag="041" ind1=" " ind2=" ">
    <subfield code="a">ukr</subfield>
  </datafield>
  <datafield tag="080" ind1=" " ind2=" ">
    <subfield code="a">93</subfield>
  </datafield>
  <datafield tag="773" ind1="0" ind2=" ">
    <subfield code="w">136043</subfield>
    <subfield code="t">&#x41F;&#x440;&#x43E;&#x431;&#x43B;&#x435;&#x43C;&#x438; &#x432;&#x441;&#x43A;&#x441;&#x432;&#x456;&#x442;&#x43D;&#x44C;&#x43E;&#x457; &#x456;&#x441;&#x442;&#x43E;&#x440;&#x456;&#x457;</subfield>
    <subfield code="d">&#x41A;.</subfield>
    <subfield code="d">2018</subfield>
    <subfield code="g">2</subfield>
  </datafield>
  <datafield tag="650" ind1=" " ind2="7">
    <subfield code="a">9 &#x413;&#x435;&#x43E;&#x433;&#x440;&#x430;&#x444;&#x456;&#x44F;. &#x411;&#x456;&#x43E;&#x433;&#x440;&#x430;&#x444;&#x456;&#x457;. &#x406;&#x441;&#x442;&#x43E;&#x440;&#x456;&#x44F;</subfield>
    <subfield code="2">UDC</subfield>
  </datafield>
  <datafield tag="999" ind1=" " ind2=" ">
    <subfield code="c">409196</subfield>
    <subfield code="d">409196</subfield>
  </datafield>
</record>
